[Event "Krakow op-B 32nd"]
[Site "Krakow"]
[Date "2021.12.29"]
[Round "3"]
[White "Panek, Bartosz"]
[Black "Budzisz, Adrian"]
[Result "0-1"]
[WhiteElo "2073"]
[BlackElo "1985"]
[PlyCount "50"]
[EventDate "2021.12.27"]
[EventType "swiss"]
[EventRounds "9"]
[EventCountry "POL"]
[SourceTitle "EXT 2023"]
[Source "ChessBase"]
[SourceDate "2022.10.05"]
[SourceVersion "1"]
[SourceVersionDate "2022.10.05"]
[SourceQuality "1"]

1. Nf3 Nf6 2. g3 g6 3. Bg2 Bg7 4. 0-0 0-0 5. d4 d6 6. Re1 Nbd7 7. e4 e5 8. a4 Re8 9. a5 h6 10. d5 Nc5 11. Nbd2 c6 12. c4 Nd3 13. Re3 Nxf2 14. Kxf2 Ng4+ 15. Ke2 Nxe3 16. Kxe3 f5 17. Kf2 f4 18. b4 g5 19. Nb3 g4 20. Nfd2 cxd5 21. cxd5 h5 22. Nc4 h4 23. gxf4 exf4 24. Bxf4 Rf8 25. Ke3 Rxf4 0-1